000 00380 a2200145 4500
005 20250624040322.0
020 _a978-0-07-149832-6
082 _a658.405 COH
100 _aCOHEN, P. S.
245 _aNegotiate Your Way to Success: 24 Steps to Building Agreement
250 _a7th Ed.
260 _aNew York
_bMcGraw-Hill Inc.
_c2007.
300 _aix,48p.
_c23cm
942 _2ddc
_cBKS
999 _c4693
_d4693